| 000 | 00545nam a2200181 i 4500 | ||
|---|---|---|---|
| 001 | 65057 | ||
| 003 | ES-MaACL | ||
| 005 | 20230906165305.0 | ||
| 007 | t| | ||
| 008 | 040108s1970 sp ||||1| cat d | ||
| 100 | 1 |
_aFranquesa, Manuel. _952345 |
|
| 245 | 1 | 0 |
_aDiccionari de sinonims / _cFranquesa. |
| 260 |
_a[Barcelona] : _bPortic, _c[1970] |
||
| 300 |
_a76 fasc. ; _c24 cm. |
||
| 500 | _aSon los fasc. 1-4, 7-49, 51-79. | ||
| 650 | 4 |
_aLengua catalana- _xSinónimos y antónimos- _vDiccionarios. _9156786 |
|
| 852 |
_aES-MaACL _jP-1513 _bR.74682 |
||
| 999 |
_c65057 _d65057 |
||